|
|
|
|
| LEADER |
00704nab a2200193 i 4500 |
| 001 |
acta30439 |
| 005 |
20210322085852.0 |
| 008 |
161017s2011 hu o 0|| hun d |
| 022 |
|
|
|a 2060-3142
|
| 040 |
|
|
|a SZTE Egyetemi Kiadványok Repozitórium
|b hun
|
| 041 |
|
|
|a hun
|
| 041 |
|
|
|a eng
|
| 100 |
1 |
|
|a Csábi Eszter
|
| 245 |
1 |
3 |
|a Az alvás hatása a munkamemória teljesítményre és az implicit tanulásra
|h [elektronikus dokumentum] :
|b kognitív funkciók alvási apnoe szindrómában /
|c Csábi Eszter
|
| 260 |
|
|
|c 2011
|
| 300 |
|
|
|a 11-12
|
| 490 |
0 |
|
|a Acta Sana
|v 6 No. 2
|
| 695 |
|
|
|a Orvostudomány, Pszichológia
|
| 856 |
4 |
0 |
|u http://acta.bibl.u-szeged.hu/30439/1/sana_2011_002_011-012.pdf
|z Dokumentum-elérés
|